Normal view
MARC view
- Nario-Lopez, Hannah Glimpse
Entry Personal Name
001 - CONTROL NUMBER
- control field: 70176
003 - CONTROL NUMBER IDENTIFIER
- control field: OSt
005 - DATE AND TIME OF LATEST TRANSACTION
- control field: 20260325182440.0
008 - FIXED-LENGTH DATA ELEMENTS
- fixed length control field: 260325|| aca||aabn | a|a d
040 ## - CATALOGING SOURCE
- Original cataloging agency: OSt
100 ## - HEADING--PERSONAL NAME
- Personal name: Nario-Lopez, Hannah Glimpse
- Relator term: author.
